<?xml version="1.0" encoding="UTF-8"?><record xmlns="http://www.loc.gov/MARC21/slim" xmlns:zs="http://docs.oasis-open.org/ns/search-ws/sruResponse">
  <leader>01838cgm a22003733i 4500</leader>
  <controlfield tag="001">23692801</controlfield>
  <controlfield tag="005">20250607130122.2</controlfield>
  <controlfield tag="007">cr ||a||||||||</controlfield>
  <controlfield tag="008">240507s2020    dcu||| |     fo   vleng  </controlfield>
  <datafield ind1=" " ind2=" " tag="035">
    <subfield code="a">23692801</subfield>
  </datafield>
  <datafield ind1=" " ind2=" " tag="906">
    <subfield code="a">0</subfield>
    <subfield code="b">ibc</subfield>
    <subfield code="c">orignew</subfield>
    <subfield code="d">u</subfield>
    <subfield code="e">ncip</subfield>
    <subfield code="f">20</subfield>
    <subfield code="g">y-gencatlg</subfield>
  </datafield>
  <datafield ind1=" " ind2=" " tag="010">
    <subfield code="a">  2024696945</subfield>
  </datafield>
  <datafield ind1=" " ind2=" " tag="035">
    <subfield code="a">9244</subfield>
  </datafield>
  <datafield ind1=" " ind2=" " tag="040">
    <subfield code="a">DLC</subfield>
    <subfield code="b">eng</subfield>
    <subfield code="c">DLC</subfield>
  </datafield>
  <datafield ind1="0" ind2="2" tag="245">
    <subfield code="a">A Shared Solitary: Niloufar Nourbakhsh &amp; Jannina Norpoth.</subfield>
  </datafield>
  <datafield ind1=" " ind2="1" tag="264">
    <subfield code="a">Washington, D.C. :</subfield>
    <subfield code="b">Library of Congress,</subfield>
    <subfield code="c">2020-06-25.</subfield>
  </datafield>
  <datafield ind1=" " ind2=" " tag="300">
    <subfield code="a">1 online resource</subfield>
  </datafield>
  <datafield ind1=" " ind2=" " tag="336">
    <subfield code="a">two-dimensional moving image</subfield>
    <subfield code="b">tdi</subfield>
    <subfield code="2">rdacontent</subfield>
  </datafield>
  <datafield ind1=" " ind2=" " tag="337">
    <subfield code="a">computer</subfield>
    <subfield code="b">c</subfield>
    <subfield code="2">rdamedia</subfield>
  </datafield>
  <datafield ind1=" " ind2=" " tag="338">
    <subfield code="a">online resource</subfield>
    <subfield code="b">cr</subfield>
    <subfield code="2">rdacarrier</subfield>
  </datafield>
  <datafield ind1="0" ind2=" " tag="490">
    <subfield code="a">Concerts from the Library of Congress</subfield>
  </datafield>
  <datafield ind1=" " ind2=" " tag="500">
    <subfield code="a">Group name: The Boccaccio Project.</subfield>
    <subfield code="3">8</subfield>
  </datafield>
  <datafield ind1=" " ind2=" " tag="500">
    <subfield code="a">Classification: Music and Books on Music.</subfield>
  </datafield>
  <datafield ind1="0" ind2=" " tag="511">
    <subfield code="a">Niloufar Niloufar, Jannina Norpoth.</subfield>
  </datafield>
  <datafield ind1=" " ind2=" " tag="518">
    <subfield code="a">Recorded on 2020-06-25.</subfield>
  </datafield>
  <datafield ind1=" " ind2=" " tag="520">
    <subfield code="a">Composer Niloufar Nourbakhsh has been paired with violinist Jannina Norpoth of the PUBLIQuartet to write a new work for violin and electronics, entitled "A Shared Solitary." From the Composer:; Over the course of the piece, a delay line becomes less and less distant as the texture becomes fuller, culminating into a collective sound. "A Shared Solitary" attempts to resurface the fact that we are all going through this together all over the world even though we might not be able to physically see it.; -- Niloufar Nourbakhsh</subfield>
  </datafield>
  <datafield ind1="2" ind2=" " tag="710">
    <subfield code="a">Library of Congress.</subfield>
  </datafield>
  <datafield ind1="2" ind2=" " tag="710">
    <subfield code="a">Library of Congress.</subfield>
    <subfield code="b">Music Division,</subfield>
    <subfield code="e">sponsoring body.</subfield>
  </datafield>
  <datafield ind1="4" ind2="0" tag="856">
    <subfield code="3">Event video</subfield>
    <subfield code="x">streaming only</subfield>
    <subfield code="d">gdcwebcasts</subfield>
    <subfield code="f">200625mus0000</subfield>
    <subfield code="u">https://hdl.loc.gov/loc.gdc/gdcwebcasts.200625mus0000</subfield>
  </datafield>
  <datafield ind1=" " ind2=" " tag="985">
    <subfield code="a">gdc/webcasts</subfield>
  </datafield>
  <datafield ind1=" " ind2=" " tag="985">
    <subfield code="a">boccaccio_project</subfield>
  </datafield>
  <datafield ind1=" " ind2=" " tag="985">
    <subfield code="a">concerts</subfield>
  </datafield>
  <datafield ind1=" " ind2=" " tag="985">
    <subfield code="a">music</subfield>
  </datafield>
  <datafield ind1=" " ind2=" " tag="991">
    <subfield code="b">s-Online</subfield>
    <subfield code="h">Electronic Resource</subfield>
  </datafield>
</record>
